[Event "SR 2. liga A 2003/2004"]
[Site "?"]
[Date "2004.02.08"]
[Round "9.8"]
[White "Kosegi, Marek"]
[Black "Raczko, Peter"]
[Result "1-0"]
[WhiteElo "1855"]
[BlackElo "2074"]
[PlyCount "99"]
[EventDate "2003.??.??"]

1. e4 d6 2. d4 Nf6 3. Nc3 g6 4. Be3 Bg7 5. Qd2 c6 6. O-O-O b5 7. f3 Qa5 8. Kb1
Nbd7 9. Bh6 O-O 10. Bxg7 Kxg7 11. g4 Ba6 12. h4 b4 13. Nce2 h6 14. Ng3 Bxf1 15.
Rxf1 Rh8 16. N1e2 Rag8 17. h5 e6 18. hxg6 fxg6 19. Nf4 e5 20. Ng2 exd4 21. Qxd4
Qe5 22. Ne2 c5 23. Qd2 Nb6 24. Ne3 Rd8 25. Qd3 d5 26. exd5 Nfxd5 27. Nxd5 Nxd5
28. Qe4 Qxe4 29. fxe4 Ne3 30. Rfg1 Rhe8 31. Ng3 Nxg4 32. Rd1 Ne5 33. Rhg1 Kf6
34. Rgf1+ Ke6 35. Ne2 Rxd1+ 36. Rxd1 g5 37. c3 a5 38. Kc2 h5 39. Ng3 h4 40. Nf5
Rc8 41. Rd6+ Kf7 42. Rd5 Kg6 43. Ne7+ Kh5 44. Nxc8 h3 45. Rxe5 Kg4 46. Re8 Kf4
47. Kd3 bxc3 48. Rf8+ Kg3 49. bxc3 g4 50. e5 1-0

[Event "SR 2. liga A 2003/2004"]
[Site "?"]
[Date "2004.02.08"]
[Round "9.8"]
[White "Krist, Milan"]
[Black "Pericka, Tomas"]
[Result "0-1"]
[WhiteElo "1990"]
[BlackElo "1945"]
[PlyCount "110"]
[EventDate "2003.??.??"]

1. d4 f5 2. c4 Nf6 3. Nc3 e6 4. Nf3 Be7 5. e3 O-O 6. Bd3 b6 7. O-O Bb7 8. Re1
Bb4 9. Bd2 Bxc3 10. Bxc3 Ne4 11. Rc1 d6 12. Bb1 Nd7 13. Nd2 Ndf6 14. f3 Ng5 15.
Qe2 Qe8 16. d5 Qg6 17. h4 Nh3+ 18. Kh2 Nh5 19. Nf1 N3f4 20. exf4 Nxf4 21. Qf2
e5 22. Bd2 Nh5 23. g4 Nf6 24. Bxf5 Qe8 25. Ng3 g6 26. Be6+ Qxe6 27. Qg2 Qe8 28.
f4 Nxg4+ 29. Kg1 Qd8 30. Rf1 Qxh4 31. Rc3 Rae8 32. Ne4 h5 33. Rh3 Qe7 34. f5
Bc8 35. fxg6 Rxf1+ 36. Kxf1 Nf6 37. Rg3 Nxe4 38. Qxe4 Qf6+ 39. Rf3 Qg7 40. Bg5
Rf8 41. Kg2 Rxf3 42. Qxf3 Qxg6 43. Qf6 Qxf6 44. Bxf6 Bb7 45. Kf2 Kf7 46. Bd8 c6
47. dxc6 Bxc6 48. b4 b5 49. c5 d5 50. Ke3 d4+ 51. Kd3 Ke6 52. a4 bxa4 53. Kc4
a6 54. Kd3 Kd5 55. Bf6 e4+ 0-1

[Event "SR 2. liga A 2003/2004"]
[Site "?"]
[Date "2004.02.08"]
[Round "9.8"]
[White "Lazicius, L."]
[Black "Halasz, Michal"]
[Result "1-0"]
[WhiteElo "1728"]
[BlackElo "1912"]
[PlyCount "113"]
[EventDate "2003.??.??"]

1. e4 d6 2. d4 Nf6 3. Nc3 g6 4. Nf3 Bg7 5. Bc4 Bg4 6. h3 Bxf3 7. Qxf3 O-O 8.
Be3 Nc6 9. Rd1 e5 10. d5 Na5 11. Bd3 b6 12. b4 Nb7 13. Bb5 Rb8 14. Bc6 a5 15.
a3 Qe7 16. Nb5 Nd8 17. Na7 axb4 18. axb4 Nh5 19. g4 Nf4 20. h4 h6 21. Qg3 Kh7
22. Qf3 Rg8 23. Kd2 Qf8 24. Ra1 Nxc6 25. Nxc6 Ra8 26. b5 Qe8 27. Ra6 Rxa6 28.
bxa6 Qd7 29. Ra1 Ra8 30. Ra2 h5 31. gxh5 Nxh5 32. a7 f5 33. exf5 Qxf5 34. Qxf5
gxf5 35. Bg5 Bf6 36. Bxf6 Nxf6 37. c4 Ne4+ 38. Ke3 Nc5 39. Ne7 f4+ 40. Kf3 Nb7
41. Nc6 Na5 42. Ra4 Kg6 43. Kg4 Kf6 44. h5 Rg8+ 45. Kf3 Ra8 46. Ke4 Kg5 47. Ra1
Nxc4 48. Rg1+ Kxh5 49. Kf5 Rf8+ 50. Ke6 Ra8 51. Kd7 Na5 52. Kxc7 Nxc6 53. dxc6
Rxa7+ 54. Kxb6 Ra2 55. Rc1 Rb2+ 56. Kc7 Rxf2 57. Kxd6 1-0

[Event "SR 2. liga A 2003/2004"]
[Site "?"]
[Date "2004.02.08"]
[Round "9.8"]
[White "Palka, Miroslav"]
[Black "Milanov, Jasen"]
[Result "1-0"]
[WhiteElo "2030"]
[BlackElo "2046"]
[PlyCount "93"]
[EventDate "2003.??.??"]

1. c4 e6 2. Nc3 d5 3. d4 Nf6 4. Bf4 Be7 5. e3 dxc4 6. Bxc4 O-O 7. Nf3 b6 8. O-O
Bb7 9. Nb5 Bd6 10. Nxd6 cxd6 11. Bg5 Nbd7 12. Rc1 Rc8 13. Qa4 a6 14. Be2 b5 15.
Qb4 Nb6 16. b3 Qd7 17. Bxf6 gxf6 18. Qd2 Kh8 19. Nh4 Rg8 20. Bf3 Bxf3 21. Nxf3
Qb7 22. Rxc8 Nxc8 23. d5 e5 24. e4 Qd7 25. Qh6 Rg6 26. Qh5 Kg8 27. Rc1 Ne7 28.
Nh4 Qg4 29. Qxg4 Rxg4 30. g3 Rxe4 31. Rc7 Nxd5 32. Rc6 Re1+ 33. Kg2 Rd1 34. Nf5
h5 35. Rxd6 Kh7 36. Rxa6 Nc3 37. Rxf6 Kg8 38. a4 bxa4 39. bxa4 Nxa4 40. Ne3 Rd4
41. h4 Kg7 42. Rf5 f6 43. Rxh5 Nc3 44. Rf5 Kg6 45. h5+ Kg7 46. Rf3 Rd8 47. Nf5+
1-0

[Event "SR 2. liga A 2003/2004"]
[Site "?"]
[Date "2004.02.08"]
[Round "9.8"]
[White "Synak, Jan"]
[Black "Krchnak, Rudolf"]
[Result "1-0"]
[WhiteElo "1755"]
[BlackElo "1809"]
[PlyCount "80"]
[EventDate "2003.??.??"]

1. e4 c5 2. Nf3 d6 3. d4 cxd4 4. Nxd4 Nf6 5. Nc3 a6 6. Be2 e5 7. Nb3 Be6 8. Bg5
Be7 9. Bxf6 Bxf6 10. O-O O-O 11. a4 Nc6 12. Nd5 Bxd5 13. Qxd5 Qc7 14. Rad1 Rad8
15. c4 Qb6 16. Qd3 Qb4 17. Ra1 Na5 18. Nxa5 Qxa5 19. Bg4 Be7 20. Rfd1 g6 21. b3
b6 22. g3 Kg7 23. h4 h5 24. Bh3 Qc5 25. Qc2 a5 26. Rd5 Qc7 27. Kg2 Rb8 28. Rad1
Rb7 29. Qd3 Rd8 30. Kh2 Rbb8 31. Kg2 Rb7 32. f4 exf4 33. e5 Qc6 34. Kg1 fxg3
35. Qxg3 Rbb8 36. exd6 Bf6 37. Rf1 Rxd6 38. Qxd6 Qxd6 39. Rxd6 Bxh4 40. Rd7 Bf6
{time} 1-0

[Event "SR 2. liga A 2003/2004"]
[Site "?"]
[Date "2004.03.20"]
[Round "10.1"]
[White "Bisco, Igor"]
[Black "Smolen, Jan"]
[Result "1-0"]
[WhiteElo "2187"]
[BlackElo "2274"]
[PlyCount "123"]
[EventDate "2003.??.??"]

1. e4 c5 2. Nf3 d6 3. d4 cxd4 4. Nxd4 Nf6 5. Nc3 g6 6. f3 Bg7 7. Be3 O-O 8. Qd2
Nc6 9. Bc4 Bd7 10. O-O-O Qa5 11. Bb3 Rfc8 12. h4 Ne5 13. h5 Nxh5 14. g4 Nf6 15.
Bh6 Rxc3 16. Bxg7 Kxg7 17. bxc3 Rc8 18. Qh6+ Kg8 19. Nf5 Bxf5 20. gxf5 Nc4 21.
Rd3 Qe5 22. fxg6 fxg6 23. Rd4 b5 24. f4 Qc5 25. f5 Kf7 26. Qg5 Ke8 27. Bxc4
bxc4 28. Rxh7 Nxh7 29. Qxg6+ Kd7 30. Qxh7 Qe5 31. Qh3 Rh8 32. Qg4 Rh1+ 33. Rd1
Rh2 34. f6+ Kc7 35. fxe7 Qxe7 36. Qf5 Re2 37. Qa5+ Kc8 38. Qa6+ Kb8 39. Qb5+
Qb7 40. Qe8+ Qc8 41. Qe7 Qc7 42. Qe6 Qc5 43. Qxd6+ Qxd6 44. Rxd6 Rxe4 45. Rd4
Re1+ 46. Kb2 Kb7 47. Rxc4 Kb6 48. Rh4 Rf1 49. Rh5 Rf4 50. Kb3 Rf1 51. Rh6+ Kb7
52. a4 Ra1 53. Kb4 Rc1 54. a5 Rb1+ 55. Kc5 Ra1 56. a6+ Rxa6 57. Rxa6 Kxa6 58.
Kc6 Ka5 59. c4 Kb4 60. Kd5 a5 61. c5 Kb5 62. c6 1-0

[Event "SR 2. liga A 2003/2004"]
[Site "?"]
[Date "2004.03.20"]
[Round "10.1"]
[White "Duriga, Stefan"]
[Black "Provaznik, Michal"]
[Result "1-0"]
[WhiteElo "2246"]
[BlackElo "2241"]
[PlyCount "81"]
[EventDate "2003.??.??"]

1. d4 e6 2. e4 d5 3. e5 c5 4. c3 Nc6 5. Nf3 Nge7 6. Na3 Nf5 7. Nc2 Bd7 8. Be2
Be7 9. O-O O-O 10. g4 Nh4 11. Nxh4 Bxh4 12. f4 Be7 13. Rb1 f6 14. b4 cxb4 15.
cxb4 fxe5 16. fxe5 Qb6 17. Rxf8+ Rxf8 18. Be3 Qd8 19. Qd2 Be8 20. Bd3 Bg6 21.
Bxg6 hxg6 22. Kg2 Qe8 23. b5 Nd8 24. a4 Qf7 25. Qe2 g5 26. Rb3 Qg6 27. Qd3 Qf7
28. Ne1 b6 29. Rb2 Nb7 30. Rf2 Qe8 31. Rxf8+ Qxf8 32. Nf3 Qc8 33. Bxg5 Bf8 34.
Bd2 Be7 35. h4 Na5 36. h5 Qc4 37. Qg6 Qe2+ 38. Kg3 Bh4+ 39. Nxh4 Qxd2 40. Nf3
Qe3 41. Qxe6+ 1-0

[Event "SR 2. liga A 2003/2004"]
[Site "?"]
[Date "2004.03.20"]
[Round "10.1"]
[White "Jablonicky, Frantisek"]
[Black "Oprea, Erik"]
[Result "1-0"]
[WhiteElo "2215"]
[BlackElo "2083"]
[PlyCount "119"]
[EventDate "2003.??.??"]

1. Nf3 g6 2. d4 Bg7 3. g3 Nf6 4. c4 d6 5. Nc3 c6 6. Bg2 Qc7 7. O-O e5 8. h3 O-O
9. e4 Nbd7 10. Be3 Re8 11. Qc2 b6 12. Rfe1 Bb7 13. Rad1 Nf8 14. c5 dxc5 15.
dxc5 b5 16. a4 b4 17. Na2 a5 18. Nd2 Ne6 19. Nc4 Ba6 20. Nc1 Bxc4 21. Qxc4 Red8
22. Nb3 Nd7 23. h4 Bf8 24. Bh3 Re8 25. Rd3 Nd4 26. Bxd4 exd4 27. Bxd7 Qxd7 28.
Rxd4 Qg4 29. e5 Qf5 30. Rf4 Qd7 31. Rf6 Re6 32. Rxe6 fxe6 33. Re2 Qd5 34. Qxd5
exd5 35. Rc2 Kf7 36. Nd4 Rc8 37. f4 Ke7 38. Kf2 Kd7 39. b3 Be7 40. Ke3 Bd8 41.
Nf3 Ke6 42. g4 Be7 43. Nd4+ Kd7 44. g5 h6 45. gxh6 Rh8 46. h5 Rxh6 47. hxg6
Rxg6 48. Kf3 Rg1 49. Rh2 Rf1+ 50. Kg4 Rd1 51. e6+ Kc7 52. Rh7 Rxd4 53. Rxe7+
Kd8 54. Rd7+ Kc8 55. Kg5 Rd3 56. Rh7 Rxb3 57. Rh8+ Kb7 58. e7 Re3 59. e8=Q Rxe8
60. Rxe8 1-0

[Event "SR 2. liga A 2003/2004"]
[Site "?"]
[Date "2004.03.20"]
[Round "10.1"]
[White "Kleman, Miroslav"]
[Black "Likavsky, Tomas"]
[Result "0-1"]
[WhiteElo "2158"]
[BlackElo "2482"]
[PlyCount "81"]
[EventDate "2003.??.??"]

1. Nf3 e6 2. g3 b5 3. Bg2 Bb7 4. O-O Nf6 5. d3 Be7 6. e4 d5 7. exd5 Nxd5 8. Qe2
O-O 9. c4 bxc4 10. dxc4 Nf6 11. Rd1 Qc8 12. Nc3 c5 13. Bf4 Nc6 14. Nb5 Ne8 15.
Rd2 a6 16. Nc3 Ra7 17. Rad1 Nf6 18. Bh3 Nd4 19. Nxd4 cxd4 20. Rxd4 Qc6 21. Nd5
Bd8 22. Be5 exd5 23. cxd5 Qb5 24. Qd2 a5 25. Qg5 h6 26. Qd2 Re8 27. Re1 Ra8 28.
Bf1 Qd7 29. a4 Ba6 30. Bg2 Rc8 31. Rf4 Rc5 32. Bc3 Rxe1+ 33. Qxe1 Nxd5 34. Rd4
Bf6 35. Rd1 Bxc3 36. bxc3 Qe6 37. Be4 g6 38. Rd4 Nxc3 39. Qe3 Ne2+ 40. Kg2 Nxd4
41. Qxd4 0-1

[Event "SR 2. liga A 2003/2004"]
[Site "?"]
[Date "2004.03.20"]
[Round "10.1"]
[White "Rohacek, Miroslav"]
[Black "Lanc, Alois"]
[Result "0-1"]
[WhiteElo "2178"]
[BlackElo "2380"]
[PlyCount "38"]
[EventDate "2003.??.??"]

1. Nf3 d5 2. c4 d4 3. b4 c5 4. Bb2 g6 5. e3 Bg7 6. exd4 cxb4 7. Qb3 a5 8. a3 a4
9. Qxb4 Nc6 10. Qc3 Nh6 11. Bd3 Bf5 12. O-O O-O 13. Re1 Bxd3 14. Qxd3 Nf5 15.
Re4 Na5 16. Bc3 Nb3 17. Rf4 e6 18. Ra2 Nc1 19. Qc2 Ne2+ 0-1

[Event "SR 2. liga A 2003/2004"]
[Site "?"]
[Date "2004.03.20"]
[Round "10.1"]
[White "Tepper, Frantisek"]
[Black "Kundrik, Peter"]
[Result "1/2-1/2"]
[WhiteElo "2232"]
[BlackElo "2163"]
[PlyCount "83"]
[EventDate "2003.??.??"]

1. e4 c5 2. Nf3 Nc6 3. Bb5 Nd4 4. Nxd4 cxd4 5. O-O Nf6 6. d3 e6 7. c3 Bc5 8. b4
Be7 9. e5 Nd5 10. Qg4 g6 11. Qxd4 f6 12. Bc4 fxe5 13. Qxe5 Bf6 14. Qe1 Nxb4 15.
Qd1 Nc6 16. d4 Na5 17. Bd3 O-O 18. Bh6 Bg7 19. Bxg7 Kxg7 20. Nd2 b6 21. Qg4 Qc7
22. Rac1 Bb7 23. g3 Qd6 24. c4 Rac8 25. h4 Nc6 26. Nb3 Nb4 27. Be4 Bxe4 28.
Qxe4 Nxa2 29. c5 Qc6 30. Qxc6 Rxc6 31. Ra1 Nc3 32. Rxa7 Rf7 33. Re1 Nd5 34.
cxb6 Rxb6 35. Nc5 Nf6 36. Rb7 Rd6 37. Rb4 Rd5 38. Nd3 Ng4 39. f4 h5 40. Ne5
Nxe5 41. Rxe5 Rf5 42. Kf2 1/2-1/2

[Event "SR 2. liga A 2003/2004"]
[Site "?"]
[Date "2004.03.20"]
[Round "10.2"]
[White "Banas, Jan"]
[Black "Machalova, Maria"]
[Result "1-0"]
[WhiteElo "2369"]
[BlackElo "2162"]
[PlyCount "109"]
[EventDate "2003.??.??"]

1. e4 c5 2. Nf3 Nc6 3. d4 cxd4 4. Nxd4 g6 5. c4 Bg7 6. Be3 Nf6 7. Nc3 d6 8. Be2
O-O 9. O-O Nxd4 10. Bxd4 Nd7 11. Bxg7 Kxg7 12. Qd2 a5 13. b3 Nc5 14. f4 Bd7 15.
Bf3 Bc6 16. Kh1 Qb6 17. Rab1 Rfd8 18. Nd5 Bxd5 19. exd5 Nd7 20. Rfe1 Re8 21.
Re3 Nf6 22. Rbe1 Qc7 23. g4 Qd8 24. Qb2 Kg8 25. g5 Nd7 26. Bg4 b6 27. Qe2 Kf8
28. Qg2 Kg8 29. Qh3 f5 30. Bf3 Nf8 31. Qh6 Ra7 32. Kg2 Qc7 33. Qh4 Qc5 34. Qf2
Qd4 35. Kg3 a4 36. Rd1 Qc5 37. h4 axb3 38. axb3 b5 39. cxb5 Qxb5 40. h5 Qc5 41.
h6 Rc7 42. Rdd3 Qc2 43. Rd2 Qc1 44. Rd1 Qc2 45. Qe1 Kf7 46. Qb4 Qc5 47. Qd2 Rb8
48. Rde1 Rb4 49. Qe2 Rbb7 50. Qb2 Qb4 51. R1e2 Ra7 52. Qg7+ Ke8 53. Re6 Qc5 54.
Kg2 Qb4 55. Rf6 1-0

[Event "SR 2. liga A 2003/2004"]
[Site "?"]
[Date "2004.03.20"]
[Round "10.2"]
[White "Bezuch, Martin"]
[Black "Cvicela, Anton"]
[Result "1-0"]
[WhiteElo "2140"]
[BlackElo "2170"]
[PlyCount "61"]
[EventDate "2003.??.??"]

1. e4 c5 2. Nf3 Nf6 3. Nc3 d5 4. exd5 Nxd5 5. d4 Nxc3 6. bxc3 e6 7. Bd3 cxd4 8.
cxd4 Bb4+ 9. Bd2 Bxd2+ 10. Qxd2 O-O 11. O-O Nd7 12. Rab1 b6 13. Rfe1 Bb7 14.
Ne5 Nxe5 15. Rxe5 Qc7 16. Rb3 Rad8 17. Qf4 Rd7 18. Qh4 h6 19. Rg5 Kh8 20. Rh5
f5 21. Bb5 Re7 22. Rg3 Rf6 23. Bd3 Qc3 24. h3 Qe1+ 25. Kh2 Qxf2 26. Rxh6+ Rxh6
27. Qxe7 Qxd4 28. Qxb7 Qf6 29. Qb8+ Kh7 30. Qf4 Rh4 31. Qf3 1-0

[Event "SR 2. liga A 2003/2004"]
[Site "?"]
[Date "2004.03.20"]
[Round "10.2"]
[White "Horak, Ivan"]
[Black "Vlcek, Stanislav"]
[Result "0-1"]
[WhiteElo "2198"]
[BlackElo "2215"]
[PlyCount "40"]
[EventDate "2003.??.??"]

1. e4 c5 2. Nc3 d6 3. g3 Nc6 4. Bg2 g6 5. f4 Bg7 6. Nf3 Rb8 7. a4 Nd4 8. O-O
Bg4 9. h3 Nxf3+ 10. Bxf3 Bxh3 11. Re1 h5 12. d3 Nh6 13. Nd5 Qd7 14. c3 h4 15.
gxh4 Ng4 16. h5 gxh5 17. Qe2 e6 18. Ne3 Qe7 19. Nxg4 hxg4 20. Bh1 Qh4 0-1

[Event "SR 2. liga A 2003/2004"]
[Site "?"]
[Date "2004.03.20"]
[Round "10.2"]
[White "Matulik, Daniel"]
[Black "Dorica, Igor"]
[Result "1/2-1/2"]
[WhiteElo "2166"]
[BlackElo "2248"]
[PlyCount "40"]
[EventDate "2003.??.??"]

1. d4 f5 2. g3 Nf6 3. Bg2 g6 4. Nh3 Bg7 5. O-O O-O 6. c4 d6 7. d5 c5 8. Nd2 Na6
9. Rb1 Rb8 10. b3 Nc7 11. Bb2 a6 12. Nf4 b5 13. Qc2 e5 14. dxe6 Nxe6 15. Nxe6
Bxe6 16. Rbd1 Qe7 17. e4 Qf7 18. cxb5 axb5 19. e5 dxe5 20. Bxe5 Rbc8 1/2-1/2

[Event "SR 2. liga A 2003/2004"]
[Site "?"]
[Date "2004.03.20"]
[Round "10.2"]
[White "Meszaros, Michal"]
[Black "Janos, Martin"]
[Result "1-0"]
[WhiteElo "2317"]
[BlackElo "2148"]
[PlyCount "83"]
[EventDate "2003.??.??"]

1. e4 Nc6 2. Nf3 d6 3. d4 g6 4. h3 Bg7 5. Be3 Nf6 6. Nc3 O-O 7. Qd2 Re8 8.
O-O-O d5 9. e5 Nd7 10. Nxd5 Nf8 11. Nc3 a6 12. Ng5 Nb4 13. Bc4 e6 14. Nge4 Nd5
15. Bg5 f6 16. Nxd5 fxg5 17. Ndf6+ Kh8 18. Nxe8 Qxe8 19. h4 g4 20. h5 gxh5 21.
Qg5 Qg6 22. Rxh5 Qxg5+ 23. Nxg5 Bd7 24. Rdh1 Kg8 25. Nxh7 Nxh7 26. Rxh7 c6 27.
Bd3 Rd8 28. R1h4 Be8 29. Rxg4 Rd7 30. f4 Kf8 31. f5 exf5 32. Bxf5 Re7 33. Bc8
c5 34. Rhxg7 Rxg7 35. Rxg7 Kxg7 36. d5 Kf7 37. Bxb7 Bb5 38. b3 Bf1 39. g3 a5
40. Kb2 Ke7 41. Ka3 Kd7 42. Ka4 1-0

[Event "SR 2. liga A 2003/2004"]
[Site "?"]
[Date "2004.03.20"]
[Round "10.2"]
[White "Zamecnik, Frantisek"]
[Black "Felcir, Jaroslav"]
[Result "0-1"]
[WhiteElo "2128"]
[BlackElo "2215"]
[PlyCount "79"]
[EventDate "2003.??.??"]

1. d4 d5 2. Nf3 Nf6 3. c4 c6 4. cxd5 cxd5 5. Nc3 Nc6 6. a3 Bf5 7. e3 e6 8. Be2
h6 9. O-O Bd6 10. b4 O-O 11. Bb2 Rc8 12. Rc1 Bb8 13. Na4 Ne7 14. Nc5 b6 15. Nd3
Ne4 16. Qb3 Qd6 17. Rfd1 f6 18. g3 Bg4 19. Nde1 Nf5 20. Rxc8 Rxc8 21. Rc1 Rxc1
22. Bxc1 h5 23. Qc2 Bh3 24. Bf1 Bxf1 25. Kxf1 h4 26. gxh4 Qd7 27. Ke2 Qb5+ 28.
Qd3 Qd7 29. Qc2 Nfd6 30. Nd2 Nxd2 31. Bxd2 e5 32. dxe5 fxe5 33. Kd1 Nc4 34. Bc1
Qg4+ 35. f3 Qh5 36. e4 Qxh4 37. exd5 b5 38. a4 a6 39. axb5 axb5 40. Qe2 {time}
0-1

[Event "SR 2. liga A 2003/2004"]
[Site "?"]
[Date "2004.03.20"]
[Round "10.3"]
[White "Fabry, Robert"]
[Black "Stepanovic, Branislav"]
[Result "1-0"]
[WhiteElo "2182"]
[BlackElo "2090"]
[PlyCount "99"]
[EventDate "2003.??.??"]

1. e4 c5 2. Nf3 Nc6 3. d4 cxd4 4. Nxd4 Nf6 5. Nc3 e5 6. Ndb5 d6 7. Bg5 a6 8.
Na3 b5 9. Nd5 Be7 10. Bxf6 Bxf6 11. c3 O-O 12. Bd3 Bg5 13. Nc2 Ne7 14. Nxe7+
Qxe7 15. O-O Be6 16. a4 Qb7 17. axb5 axb5 18. Qe2 Rxa1 19. Rxa1 Bb3 20. Nb4 Ra8
21. Rxa8+ Qxa8 22. Qf1 g6 23. h3 Bf4 24. g3 Bg5 25. Kh2 Qb7 26. Qe2 Bc1 27.
Bxb5 h5 28. Bc6 Qb6 29. Kg2 Kg7 30. Bd5 Bxd5 31. exd5 Bg5 32. Qa6 Qb8 33. Nd3
e4 34. Nb4 Kh6 35. Qc4 f5 36. b3 Bf6 37. Nc6 Qa8 38. Qa4 Qb7 39. c4 e3 40. fxe3
Qb6 41. Kf3 h4 42. b4 Bg5 43. Qa7 Bxe3 44. Qxb6 Bxb6 45. Nb8 hxg3 46. Nd7 Bf2
47. c5 dxc5 48. bxc5 Be1 49. c6 Ba5 50. d6 1-0

[Event "SR 2. liga A 2003/2004"]
[Site "?"]
[Date "2004.03.20"]
[Round "10.3"]
[White "Janos, Jozef"]
[Black "Seitler, Andrej"]
[Result "1-0"]
[WhiteElo "2211"]
[BlackElo "2144"]
[PlyCount "111"]
[EventDate "2003.??.??"]

1. d4 Nf6 2. Nf3 g6 3. g3 Bg7 4. Bg2 d6 5. O-O O-O 6. c4 Nc6 7. Nc3 Bf5 8. d5
Na5 9. Nd2 c6 10. e4 Bg4 11. Qa4 a6 12. Nb3 Nxb3 13. Qxb3 cxd5 14. cxd5 b5 15.
Be3 Qd7 16. a4 bxa4 17. Rxa4 Rfb8 18. Qa3 Qb7 19. e5 dxe5 20. d6 Bf3 21. Bxf3
Qxf3 22. dxe7 Qb7 23. Rd1 Re8 24. Bc5 Rac8 25. Bd6 Rc6 26. Rb4 Rb6 27. Rxb6
Qxb6 28. Bc5 Qc7 29. b4 Nd7 30. Bd6 Qc6 31. Qb3 Bf6 32. Nd5 Qxd6 33. Nxf6+ Qxf6
34. Rxd7 Rxe7 35. Rd8+ Kg7 36. Qd3 Re6 37. Qd7 e4 38. Qc8 e3 39. Rg8+ Kh6 40.
fxe3 Qf3 41. Qc1 Rd6 42. e4+ Kh5 43. Qc5+ Kg4 44. Qxd6 Qe3+ 45. Kf1 Qf3+ 46.
Ke1 Qxe4+ 47. Kd2 Kh3 48. Qf4 Qd5+ 49. Kc3 Kxh2 50. Qd2+ Qxd2+ 51. Kxd2 Kxg3
52. Ra8 h5 53. Rxa6 h4 54. b5 h3 55. b6 h2 56. Ra1 1-0

[Event "SR 2. liga A 2003/2004"]
[Site "?"]
[Date "2004.03.20"]
[Round "10.3"]
[White "Machalova, Veronika"]
[Black "Kovacocy, Pavel"]
[Result "1/2-1/2"]
[WhiteElo "2156"]
[BlackElo "2263"]
[PlyCount "145"]
[EventDate "2003.??.??"]

1. e4 e6 2. d3 c5 3. g3 Nc6 4. Bg2 g6 5. Nf3 Bg7 6. O-O Nge7 7. Re1 d6 8. Nbd2
O-O 9. Nf1 Bd7 10. h4 Nd4 11. c3 Nxf3+ 12. Bxf3 Nc6 13. Nh2 Ne5 14. Bg2 Bb5 15.
Bf1 Qc7 16. Ng4 Nxg4 17. Qxg4 h5 18. Qe2 e5 19. c4 Bd7 20. Bg2 Rae8 21. Bg5 Kh7
22. Qd2 f6 23. Be3 Be6 24. b4 b6 25. b5 Qf7 26. Qe2 a5 27. bxa6 Ra8 28. Reb1
Rxa6 29. Rb3 Rfa8 30. Qb2 Qa7 31. a3 Bd7 32. Qc3 Rb8 33. Rab1 Ba4 34. R3b2 Bc6
35. Rb3 Qd7 36. Kh2 Qe6 37. Qd2 Ba4 38. R3b2 Bd7 39. Rb3 Bf8 40. Qe2 Be7 41.
Bc1 Qf7 42. Bf3 Bd8 43. Bg2 Rba8 44. Qe3 R8a7 45. f4 Qg7 46. Bh3 Bxh3 47. Kxh3
Rf7 48. Bb2 g5 49. hxg5 fxg5 50. f5 g4+ 51. Kg2 Bg5 52. Qe2 Qh6 53. Bc3 Rb7 54.
Bb2 Kg8 55. Rh1 Rh7 56. Qd1 Bd8 57. Bc1 Qf6 58. Be3 Raa7 59. Bf2 Rh8 60. Qe2
Rah7 61. Rbb1 Qg7 62. Rbg1 Qa7 63. Qb2 Kf8 64. Qc1 Qa4 65. Qb2 Ra7 66. Ra1 Qc6
67. Rh2 Rf7 68. Kf1 Rfh7 69. Ke2 Qa4 70. Rah1 Ke8 71. Be1 Qa7 72. Qb5+ Qd7 73.
Qb3 1/2-1/2

[Event "SR 2. liga A 2003/2004"]
[Site "?"]
[Date "2004.03.20"]
[Round "10.3"]
[White "Petreje, Juraj"]
[Black "Harasta, Vladimir"]
[Result "1-0"]
[WhiteElo "2189"]
[BlackElo "2192"]
[PlyCount "63"]
[EventDate "2003.??.??"]

1. e4 e5 2. Nf3 Nc6 3. c4 Nf6 4. Nc3 Bc5 5. Be2 d6 6. d3 h6 7. O-O Be6 8. Nd5
Nd4 9. Nxd4 Bxd4 10. Be3 c5 11. Rb1 Nd7 12. Bxd4 cxd4 13. Bg4 O-O 14. f4 a5 15.
fxe5 dxe5 16. Bf5 Nc5 17. Rf3 b5 18. b3 bxc4 19. bxc4 Rb8 20. Rxb8 Qxb8 21.
Ne7+ Kh8 22. Bxe6 Nxe6 23. Qf1 Qb2 24. h4 Qa3 25. Rxf7 Rxf7 26. Qxf7 Qc1+ 27.
Kh2 Qf4+ 28. Qxf4 Nxf4 29. c5 g5 30. hxg5 hxg5 31. c6 Ne6 32. Nd5 1-0

[Event "SR 2. liga A 2003/2004"]
[Site "?"]
[Date "2004.03.20"]
[Round "10.3"]
[White "Skreno, Vladimir"]
[Black "Kralovic, Andrej"]
[Result "1-0"]
[WhiteElo "2146"]
[BlackElo "2051"]
[PlyCount "79"]
[EventDate "2003.??.??"]

1. d4 d5 2. Nf3 Bf5 3. c4 Bxb1 4. Rxb1 c6 5. cxd5 Qxd5 6. a3 Nf6 7. g3 e6 8.
Bg2 Nbd7 9. O-O Qa5 10. b4 Qb6 11. Qb3 Be7 12. Bg5 O-O 13. Rfe1 h6 14. Bd2 Ne4
15. Be3 Qc7 16. Rec1 Ndf6 17. Ne5 a6 18. a4 Rfc8 19. Qd3 Ng5 20. f4 Ngh7 21. b5
axb5 22. axb5 Ra3 23. Qd2 Nd5 24. Bf2 Rca8 25. bxc6 bxc6 26. Nxc6 Bf8 27. e4
Ne7 28. Ne5 Qd8 29. Rb2 Nf6 30. Rcb1 Ra1 31. Qe1 R1a4 32. Bf1 Ra3 33. Bc4 Nc8
34. f5 Qd6 35. Nxf7 Kxf7 36. Bxe6+ Ke7 37. e5 Qa6 38. exf6+ Kxf6 39. Qe5+ Ke7
40. Bxc8+ 1-0

[Event "SR 2. liga A 2003/2004"]
[Site "?"]
[Date "2004.03.20"]
[Round "10.3"]
[White "Szitkey, Milan"]
[Black "Breja, Stanislav"]
[Result "0-1"]
[WhiteElo "2243"]
[BlackElo "2121"]
[PlyCount "73"]
[EventDate "2003.??.??"]

1. e4 e5 2. Nf3 Nf6 3. Nxe5 d6 4. Nf3 Nxe4 5. d4 d5 6. Bd3 Bd6 7. O-O O-O 8. c4
c6 9. Re1 f5 10. Nc3 Nxc3 11. bxc3 Nd7 12. c5 Be7 13. Qe2 Bf6 14. Bxf5 Nxc5 15.
Bxc8 Qxc8 16. dxc5 Bxc3 17. Bb2 Bxe1 18. Qxe1 Qf5 19. Qc3 Rf7 20. Re1 Raf8 21.
h3 h6 22. Re2 Kh7 23. Nh4 Qh5 24. Qd3+ g6 25. g3 Qg5 26. Re6 Rxf2 27. Re7+ R8f7
28. Rxf7+ Rxf7 29. Qd4 Qxg3+ 30. Ng2 Qb8 31. Nf4 Qf8 32. Bc1 Rf5 33. Kg2 Rg5+
34. Kh2 Qf5 35. Bb2 Qc2+ 36. Kh1 Qb1+ 37. Kh2 {time} 0-1

[Event "SR 2. liga A 2003/2004"]
[Site "?"]
[Date "2004.03.20"]
[Round "10.4"]
[White "Gasa, Andrej"]
[Black "Antol, Ladislav"]
[Result "0-1"]
[WhiteElo "2188"]
[BlackElo "2057"]
[PlyCount "118"]
[EventDate "2003.??.??"]

1. e4 c5 2. Nf3 d6 3. Bb5+ Bd7 4. Bxd7+ Qxd7 5. O-O Nf6 6. Re1 Nc6 7. c4 e6 8.
Nc3 Be7 9. d4 cxd4 10. Nxd4 O-O 11. Bg5 a6 12. Rc1 Qd8 13. Nf3 Nd7 14. Bxe7
Qxe7 15. Qe2 Nde5 16. Nxe5 dxe5 17. Qe3 Rad8 18. Red1 Rd4 19. Ne2 Rxd1+ 20.
Rxd1 Rd8 21. Rxd8+ Qxd8 22. f4 Qa5 23. Kf2 exf4 24. Nxf4 Qxa2 25. Qc3 Qa5 26.
Qxa5 Nxa5 27. c5 Nb3 28. Nd3 f5 29. Ke3 Kf7 30. c6 bxc6 31. Ne5+ Ke7 32. Nxc6+
Kd6 33. Nd8 Na5 34. exf5 exf5 35. Nf7+ Ke7 36. Ne5 Ke6 37. Nd3 Kd6 38. Kf4 g6
39. Kg5 Nc4 40. Kh6 Ne5 41. Nf2 Ke6 42. Kxh7 Kf6 43. Kh6 Nc4 44. Nd3 a5 45. h3
a4 46. h4 Nxb2 47. Nb4 a3 48. h5 gxh5 49. Kxh5 Nd3 50. Nc2 a2 51. g3 Ne1 52.
Na1 f4 53. gxf4 Kf5 54. Kh4 Kxf4 55. Nb3 Nc2 56. Kh3 Nd4 57. Na1 Ke3 58. Kg2
Kd3 59. Kf2 Kc3 0-1

[Event "SR 2. liga A 2003/2004"]
[Site "?"]
[Date "2004.03.20"]
[Round "10.4"]
[White "Hecko, Dusan"]
[Black "Marko, Vladimir"]
[Result "0-1"]
[WhiteElo "2176"]
[BlackElo "2010"]
[PlyCount "106"]
[EventDate "2003.??.??"]

1. e4 e6 2. d4 d5 3. Nd2 c5 4. exd5 Qxd5 5. Ngf3 cxd4 6. Bc4 Qd8 7. O-O Nc6 8.
Nb3 Nf6 9. Nbxd4 Nxd4 10. Nxd4 Bc5 11. Nb3 Qxd1 12. Rxd1 Bb6 13. Bb5+ Bd7 14.
Bxd7+ Nxd7 15. Bf4 O-O-O 16. Kf1 e5 17. Bd2 Nc5 18. Nxc5 Bxc5 19. Bc3 f6 20. f3
Rxd1+ 21. Rxd1 Rd8 22. Rxd8+ Kxd8 23. Ke2 Kd7 24. Kd3 Kd6 25. a4 h5 26. h3 f5
27. Bd2 a6 28. c4 Bd4 29. Bb4+ Bc5 30. Bc3 g6 31. Bd2 Bd4 32. b3 Kc6 33. Bh6 a5
34. Bd2 Kb6 35. f4 Bb2 36. fxe5 Bxe5 37. Be1 Bc7 38. Kd4 Kc6 39. c5 Bd8 40. Kc4
g5 41. Bc3 Bc7 42. Bf6 g4 43. hxg4 fxg4 44. Bh4 Bh2 45. Bd8 Bg1 46. Bxa5 h4 47.
Be1 g3 48. Kd3 Bxc5 49. Ke2 h3 50. Bxg3 hxg2 51. Bh2 g1=Q 52. Bxg1 Bxg1 53. Kd3
Kc5 0-1